00896cam a22002531 450000100060000000300080000600500170001400800390003103500190007003500190008904000480010804100080015608200180016410000450018224500300022726000330025730000310029050000770032165000260039865100420042494200120046699900170047895201470049523330BD-RjUL20211209000922.0140310s1956 enk 001 0 eng a(BD-RjUL)23395 a(OCoLC)1349259 aDLCcCtWeharUdOCoLCdUkdDLCdBD-RjULbeng aeng a581.9591bKIR2 aWard-Kingdon, Francisd1885-1958.97187510aReturn to the Irrawaddy / aLondon :bA. Melrose,c1956. a224 p. :billus. ;c24 cm. aThe author's experiences in the jungles and mountains of northern Burma. 0aBotanyzBurma.971876 0aBurmaxDescription and travel.971877 2ddccBK c23330d23330 00102ddc40728NFICaRUCLbRUCLcReadingd1958-01-02eB.H. Black Wellg55.00l0o581.9591 KIR 1956r2014-03-10 00:00:00tC-1w2021-12-09yBK